000 00999nam0a2200289 4500
001 RU\NLR\bibl\233430
005 20260607073052.0
010 _a5-900303-99-3
_915000
035 _a(NLR Aleph) 000229366
090 _a1334650
_c1334650
100 _a20020301d1995 |||y0rusy50 ca
101 1 _arus
_ceng
102 _aRU
105 _ay |||||||||
200 1 _aКонец света
_e[Романы]
_fСидни Шелдон
210 _aМ. и др.
_cНовости и др.
_d1995
215 _a572, [2] с.
_d21
300 _aЗагл. обл.: Конец света; Незнакомец в зеркале
464 0 _12001#$aНезнакомец в зеркале
_tНезнакомец в зеркале
686 _aШ6(7США)67-440.4
700 1 _4070
_7ca
_8rus
_aШелдон
_bС.
_f1917-2007
_gСидни
_9113766
_3RU\NLR\auth\773774
801 0 _aRU
_bNLR
_c20020301
_gPSBO
801 1 _aRU
_bNLR
_c20020301
942 _cBOOK
980 _aNB